000 00695nam a2200253 i 4500
001 bg
100 1 _aKAPROŃ, Henryk
245 1 0 _aPrzemiany energetyczne :
_bzagadnienia wybrane /
_cHenryk Kaproń.
260 _aLublin :
_bWydawnictwo Politechniki Lubelskiej,
_c2005.
300 _a216 s. :
_bil. ;
_c24 cm.
504 _aBibliogr. s. 205-206.
650 9 _aEnergetyka
650 9 _atermodynamika
655 _aPodręczniki akademickie
015 _aPB 18190/2006
020 _a8389246937
040 _cBPK
041 _apol
080 _a621.31:620.9:536.7](075.8)
920 _a83-89246-93-7
942 _cKS
008 s pl f |000 0 pol
999 _c53048
_d53048
856 _uhttp://koha.tu.koszalin.pl/cgi-bin/koha/opac-detail.pl?biblionumber=53048
_yKatalog online BPK